Deve kuşunun kanatlarında Zeki & Metin (Record no. 493)

MARC details
000 -BAŞLIK
Sabit Uzunlukta Kontrol Alanı 00737na a2200253 4500
001 - KONTROL NUMARASI
Denetim Alanı 14378
003 - KONTROL NUMARASI IDENTIFIER
Denetim Alanı MIRAKIL
005 - SON İŞLEM TARİHİ VE ZAMANI
Denetim Alanı 20181213154751.0
008 - SABİT-BOY VERİ ELEMANLARI - GENEL BİLGİLER
Sabit Uzunlukta Kontrol Alanı 161031b tu 000 0
020 ## - ULUSLARARASI STANDART KİTAP NUMARASI
Uluslararası Standart Kitap Numarası 9786056154119
040 ## - KATALOGLAMA KAYNAK
Orijinal Kataloglama Ajansı Milas
Kataloglama Dili tur
Metne Dönüştürmek Ajansı TR-AnCHP
041 ## - DİL KODU
Metin / Ses Parça Veya Ayrı Başlığın Dil Kodu tur
082 ## - DEWEY ONLU SINIFLANDIRMA NUMARASI
Sınıflandırma Numarası 927
Ürün Numarası D35d 2010
090 ## - SINIFLAMA NUMARASI
Sınıflama Numarası 927 D35d 2010
100 ## - ANA GİRİŞ - KİŞİSEL İSİM
Kişisel Ad Demir, Gündüz
245 ## - BAŞLIK TABLOSU
Başlık Deve kuşunun kanatlarında Zeki & Metin
Sorumluluk Tablosu, Vb Gündüz Demir
260 ## - YAYIN, DAĞITIM, VB
Yayın, Dağıtım, Vb Yeri Antalya
Yayıncı, Dağıtıcı, Vs Adı Antalya Kültür Sanat Vakfı
Yayın, Dağıtım, Vb Tarihi 2010
300 ## - FİZİKSEL TANIM
Kapsam 190 s.
Diğer Fiziksel Ayrıntıları fotg.
Boyutlar 22 sm.
500 ## - GENEL NOT
Genel Not 47. Uluslararası Antalya Altın Portakal Film Festivali yayını.
504 ## - KAYNAKÇA VB NOT
Kaynakça Vb Notu Kaynakça var.
650 ## - KONU KATMA GİRİŞ - TOPİKAL DÖNEM
Topikal Süreli Veya Coğrafi Ad Giriş Elemanı Sanatçılar
650 ## - KONU KATMA GİRİŞ - TOPİKAL DÖNEM
Topikal Süreli Veya Coğrafi Ad Giriş Elemanı Gösteri sanatları
Genel Alt Bölümü Tiyatro
942 ## - EKLENDİ GİRİŞ ELEMANLARI (KOHA)
Sınıflandırma Veya Raf Düzeni Kaynak Dewey Decimal Classification
Koha Öğesi Türü Books
999 ## - SİSTEM KONTROL NUMARALARI (KOHA)
Koha Biblionumber 493
Koha Biblioitemnumber 493
Holdings
Kalıcı Konum Mevcut Konum Edinme Tarihi Edinim Kaynak Toplam Check-Out'Lar Tam Çağrı Numarası Barkod Tarih Son Görülme İtibaren Geçerli Fiyatlar Koha Öğesi Türü
CHP Kütüphanesi CHP Kütüphanesi 08/26/2016 Bağış   927 D35d 2010 001091 08/26/2016 08/26/2016 Books